<?xml version="1.0" encoding="UTF-8"?>
<record
    xmlns:xsi="http://www.w3.org/2001/XMLSchema-instance"
    xsi:schemaLocation="http://www.loc.gov/MARC21/slim http://www.loc.gov/standards/marcxml/schema/MARC21slim.xsd"
    xmlns="http://www.loc.gov/MARC21/slim">

  <leader>00860    a2200157   4500</leader>
  <controlfield tag="003">OSt</controlfield>
  <controlfield tag="005">20260213145854.0</controlfield>
  <controlfield tag="008">260204b        |||||||| |||| 00| 0 eng d</controlfield>
  <datafield tag="100" ind1=" " ind2=" ">
    <subfield code="a">&#x92A;&#x935;&#x93E;&#x930; &#x90F;</subfield>
    <subfield code="9">216610</subfield>
  </datafield>
  <datafield tag="245" ind1=" " ind2=" ">
    <subfield code="a">&#x938;&#x902;&#x938;&#x94D;&#x915;&#x93E;&#x930; &#x92E;&#x948;&#x924;&#x94D;&#x930;</subfield>
  </datafield>
  <datafield tag="250" ind1=" " ind2=" ">
    <subfield code="a">2nd ED.</subfield>
  </datafield>
  <datafield tag="260" ind1=" " ind2=" ">
    <subfield code="b">&#x92D;&#x93E;&#x930;&#x924;&#x940;&#x92F;  &#x935;&#x93F;&#x91A;&#x93E;&#x930;  &#x938;&#x93E;&#x927;&#x928;&#x93E;  &#x92A;&#x94D;&#x930;&#x915;&#x93E;&#x936;&#x928; </subfield>
    <subfield code="a">&#x92A;&#x941;&#x923;&#x947; </subfield>
    <subfield code="c">2024</subfield>
  </datafield>
  <datafield tag="300" ind1=" " ind2=" ">
    <subfield code="a">24pp.</subfield>
  </datafield>
  <datafield tag="520" ind1=" " ind2=" ">
    <subfield code="a">&#x938;&#x94D;&#x915;&#x93E;&#x930; &#x92E;&#x94D;&#x939;&#x923;&#x91C;&#x947; &#x917;&#x941;&#x923;&#x93E;&#x902;&#x91A;&#x93E; &#x917;&#x941;&#x923;&#x93E;&#x915;&#x93E;&#x930; &#x906;&#x923;&#x93F; &#x926;&#x94B;&#x937;&#x93E;&#x902;&#x91A;&#x93E; &#x92D;&#x93E;&#x917;&#x93E;&#x915;&#x93E;&#x930;. &#x917;&#x941;&#x923;&#x93E;&#x902;&#x91A;&#x93E; &#x917;&#x941;&#x923;&#x93E;&#x915;&#x93E;&#x930; &#x92F;&#x93E;&#x91A;&#x93E; &#x905;&#x930;&#x94D;&#x925; &#x938;&#x94D;&#x935;&#x924;&#x903;&#x92E;&#x927;&#x940;&#x932; &#x917;&#x941;&#x923; &#x935;&#x93E;&#x922;&#x935;&#x93E;&#x92F;&#x91A;&#x947; &#x906;&#x923;&#x93F; &#x926;&#x94B;&#x937;&#x93E;&#x902;&#x91A;&#x93E; &#x92D;&#x93E;&#x917;&#x93E;&#x915;&#x93E;&#x930; &#x92F;&#x93E;&#x91A;&#x93E; &#x905;&#x930;&#x94D;&#x925; &#x938;&#x94D;&#x935;&#x924;&#x903;&#x92E;&#x927;&#x940;&#x932; &#x926;&#x94B;&#x937; &#x905;&#x932;&#x94D;&#x92A; (&#x915;&#x92E;&#x940;)</subfield>
  </datafield>
  <datafield tag="942" ind1=" " ind2=" ">
    <subfield code="c">BK</subfield>
    <subfield code="2">ddc</subfield>
  </datafield>
  <datafield tag="999" ind1=" " ind2=" ">
    <subfield code="c">370171</subfield>
    <subfield code="d">370171</subfield>
  </datafield>
  <datafield tag="952" ind1=" " ind2=" ">
    <subfield code="0">0</subfield>
    <subfield code="1">0</subfield>
    <subfield code="2">ddc</subfield>
    <subfield code="4">0</subfield>
    <subfield code="7">0</subfield>
    <subfield code="8">MCA</subfield>
    <subfield code="a">001</subfield>
    <subfield code="b">001</subfield>
    <subfield code="d">2026-02-03</subfield>
    <subfield code="e">188</subfield>
    <subfield code="g">84.00</subfield>
    <subfield code="l">0</subfield>
    <subfield code="p">KBJP-BK-2989</subfield>
    <subfield code="r">2026-02-03 00:00:00</subfield>
    <subfield code="v">120.00</subfield>
    <subfield code="w">2026-02-03</subfield>
    <subfield code="y">BK</subfield>
    <subfield code="z">2989</subfield>
  </datafield>
</record>
